Statistics for Undefeated countries at FIFA World Cup

Click here to take the quiz!

General Stats

  • This quiz has been taken 29 times
  • The average score is 14 of 19

Answer Stats

Year(s)Country% Correct
1990West Germany
100%
2014Germany
96%
1958, 1962, 1970, 1978, 1986, 1994 and 2002Brazil
92%
1998, 2006 and 2018France
92%
1934, 1938, 1982, 1990, 1998 and 2006Italy
92%
2002 and 2018Spain
92%
1930 and 1950Uruguay
92%
1986 and 2006Argentina
88%
1966, 1982 and 2006England
88%
2014 and 2022Netherlands
88%
1998Belgium
64%
2018Denmark
64%
1986Mexico
56%
2006Switzerland
52%
2014Costa Rica
48%
1982Cameroon
40%
2002Ireland
40%
1974Scotland
40%
2010New Zealand
36%

Score Distribution

Percentile by Number Answered

Percent of People with Each Score

Your Score History

You have not taken this quiz